000 00651nam a2200217 i 4500
001 30520
003 ES-MaACL
005 20230906154216.0
007 t|
008 030124s1930 fr ||||1| fre d
100 1 _aBayet, Jean.
_926667
245 1 3 _aLa Sicile grecque /
_cpar Jean Bayet.
260 _aParís :
_b[s.n.,
_c1930] (
_fCarlos Courmont)
300 _a56 p., [12] h. de lám. ;
_c20 cm.
490 1 _aLe monde hellenique
651 4 _aSicilia-
_xHistoria-
_yHasta 827.
_9156616
651 4 _aSicilia-
_xRestos arqueológicos.
_9173241
830 1 _aLe monde hellenique
_9184816
852 _aES-MaACL
_j1739-F-7
999 _c30520
_d30520